00367nam a22001217a 450000500170000002000230001703500130004003700130005310000270006624500820009326000460017530000240022120120302115932.0 a8175344776c450.00 aB-220621 aDPLbENG aSinghvi, Abhishek Manu aCandid corner :bReflections of Abhishek Singhvi /cby Abhishek Manu Singhvi  aDelhibUniversal Law Publishing co.c2006 axiv, 288p.c20 cms.